[Event "ISR-ch"]
[Site "Jerusalem"]
[Date "1996.??.??"]
[Round "9"]
[White "Rotman, Daniel"]
[Black "Volman, Horacio"]
[Result "1/2-1/2"]
[WhiteElo "2345"]
[BlackElo "2210"]
[PlyCount "38"]
[EventDate "1996.10.26"]
[EventType "swiss"]
[EventRounds "9"]
[EventCountry "ISR"]
[SourceTitle "CBM 056"]
[Source "ChessBase"]
[SourceDate "1997.02.01"]
[SourceVersion "1"]
[SourceVersionDate "1997.02.01"]
[SourceQuality "1"]

1. e4 e5 2. Nf3 d6 3. d4 exd4 4. Nxd4 g6 5. Nc3 Bg7 6. Be3 Nf6 7. f3 0-0 8. Qd2 d5 9. 0-0-0 dxe4 10. fxe4 c6 11. Bh6 Qe7 12. Bxg7 Kxg7 13. Qg5 h6 14. Qg3 Re8 15. Bd3 Qe5 16. Nf5+ Bxf5 17. Qxe5 Rxe5 18. exf5 Nbd7 19. fxg6 fxg6 1/2-1/2

[Event "ISR-ch"]
[Site "Jerusalem"]
[Date "1996.??.??"]
[Round "2"]
[White "Uritzky, Maxim"]
[Black "Volman, Horacio"]
[Result "1-0"]
[WhiteElo "2420"]
[BlackElo "2210"]
[PlyCount "65"]
[EventDate "1996.10.26"]
[EventType "swiss"]
[EventRounds "9"]
[EventCountry "ISR"]
[SourceTitle "CBM 056"]
[Source "ChessBase"]
[SourceDate "1997.02.01"]
[SourceVersion "1"]
[SourceVersionDate "1997.02.01"]
[SourceQuality "1"]

1. e4 e5 2. Nc3 Nc6 3. d3 Bc5 4. Be3 d6 5. g3 Nf6 6. Bg2 Be6 7. Qd2 0-0 8. Nge2 Qd7 9. 0-0 Bh3 10. Bxc5 Bxg2 11. Kxg2 dxc5 12. f4 Nd4 13. h3 Nxe2 14. Qxe2 Rfe8 15. g4 Qd6 16. g5 Nd7 17. f5 c6 18. Rf3 Rad8 19. Raf1 Qd4 20. Rg3 Nf8 21. h4 Rd7 22. h5 Qd6 23. Nd1 c4 24. Nf2 cxd3 25. cxd3 Kh8 26. Ng4 f6 27. gxf6 gxf6 28. Nh6 Rg7 29. Rxg7 Kxg7 30. Rf3 Nd7 31. Rg3+ Kxh6 32. Qe3+ Kxh5 33. Rh3+ 1-0

[Event "ISR-ch"]
[Site "Jerusalem"]
[Date "1996.??.??"]
[Round "3"]
[White "Volman, Horacio"]
[Black "Hadas, Yaron"]
[Result "1/2-1/2"]
[WhiteElo "2210"]
[BlackElo "2230"]
[PlyCount "62"]
[EventDate "1996.10.26"]
[EventType "swiss"]
[EventRounds "9"]
[EventCountry "ISR"]
[SourceTitle "CBM 056"]
[Source "ChessBase"]
[SourceDate "1997.02.01"]
[SourceVersion "1"]
[SourceVersionDate "1997.02.01"]
[SourceQuality "1"]

1. d4 d5 2. c4 Bf5 3. Nf3 e6 4. Nc3 c6 5. Qb3 Qc8 6. Bf4 Nf6 7. h3 h6 8. e3 Be7 9. Rc1 Nbd7 10. cxd5 Nxd5 11. Bh2 N7b6 12. Be2 0-0 13. 0-0 Bh7 14. Rfd1 Qd8 15. Ne5 Bd6 16. Bf3 Nf6 17. a4 Qe7 18. a5 Nbd5 19. a6 Rab8 20. axb7 Rxb7 21. Qa4 Rxb2 22. Nxc6 Bxh2+ 23. Kxh2 Qd6+ 24. Kg1 Nxc3 25. Rxc3 Ne4 26. Bxe4 Bxe4 27. Qxa7 Bxc6 28. Qa6 Ra8 29. Qxc6 Qxc6 30. Rxc6 Raa2 31. Rf1 Kh7 1/2-1/2

[Event "Maccabiah op"]
[Site "Netanya"]
[Date "1993.??.??"]
[Round "4"]
[White "Volman, Horacio"]
[Black "Pisk, Petr"]
[Result "1/2-1/2"]
[WhiteElo "2240"]
[BlackElo "2340"]
[PlyCount "20"]
[EventDate "1993.??.??"]
[EventType "swiss"]
[EventRounds "9"]
[EventCountry "ISR"]
[SourceTitle "EXT 1998"]
[Source "ChessBase"]
[SourceDate "1997.11.17"]
[SourceVersion "1"]
[SourceVersionDate "1997.11.17"]
[SourceQuality "1"]

1. c4 e6 2. Nf3 d5 3. g3 c5 4. Bg2 Nc6 5. 0-0 Nf6 6. b3 Be7 7. Bb2 0-0 8. e3 Re8 9. d3 Qc7 10. Qe2 dxc4 1/2-1/2

[Event "ISR-ch"]
[Site "Rishon Le Ziyyon"]
[Date "1990.??.??"]
[Round "?"]
[White "Peretz, Malkiel"]
[Black "Volman, Horacio"]
[Result "1-0"]
[WhiteElo "2355"]
[BlackElo "2215"]
[PlyCount "77"]
[EventDate "1990.05.06"]
[EventType "swiss"]
[EventRounds "11"]
[EventCountry "ISR"]
[SourceTitle "EXT 2004"]
[Source "ChessBase"]
[SourceDate "2003.11.25"]
[SourceVersion "1"]
[SourceVersionDate "2003.11.25"]
[SourceQuality "1"]

1. e4 e5 2. Nf3 Nc6 3. d4 exd4 4. Bc4 Be7 5. 0-0 d6 6. Nxd4 Nf6 7. Nc3 0-0 8. h3 Re8 9. Re1 h6 10. Re3 Ne5 11. Bb3 c5 12. Nde2 c4 13. Ba4 Bd7 14. Bxd7 Qxd7 15. Nd4 g6 16. Re1 Kh7 17. Nde2 Bf8 18. Nf4 Bg7 19. Nfd5 Nxd5 20. Nxd5 Rac8 21. Bd2 Nc6 22. Bc3 Bxc3 23. Nxc3 Qe6 24. Qd2 Qe5 25. Rad1 Re6 26. Nd5 b5 27. c3 Qg5 28. Re3 h5 29. f4 Qh6 30. Rf1 f5 31. exf5 gxf5 32. Rfe1 Rce8 33. Nc7 Rxe3 34. Rxe3 Rxe3 35. Qxe3 Qg7 36. Nxb5 Qb7 37. Nxd6 Qxb2 38. Kh2 Qxa2 39. Qe8 1-0